Motivation and personality /

Bibliographic Details
Main Author: Maslow, Abraham H. (Abraham Harold)
Other Authors: Frager, Robert, 1940-
Format: Book
Language:English
Published: New York : Harper and Row, [1987]
Edition:3rd ed. /
Subjects:

MARC

Tag First Indicator Second Indicator Subfields
LEADER 00000cam a2200000 a 4500
001 in00000016200
005 20151007052716.0
008 861016r19871970nyu b 00110 eng
010 |a  86027051  
020 |a 0060419873 (pbk.) 
035 |a (OCoLC)14586023 
035 |9 AAA8886AM 
040 |a DLC  |c DLC  |d m/c  |d TXA  |d UtOrBLW 
049 |a TXAM  |c [A11062923] 
050 0 0 |a BF503  |b .M375 1987 
082 0 |a 153.8  |2 19 
100 1 |a Maslow, Abraham H.  |q (Abraham Harold) 
245 1 0 |a Motivation and personality /  |c Abraham H. Maslow ; [with new material by Ruth Cox and Robert Frager]. 
250 |a 3rd ed. /  |b rev. by Robert Frager [and others]. 
264 1 |a New York :  |b Harper and Row,  |c [1987] 
264 4 |c ©1987 
300 |a xli, 293 pages ;  |c 24 cm. 
336 |a text  |b txt  |2 rdacontent 
337 |a unmediated  |b n  |2 rdamedia 
338 |a volume  |b nc  |2 rdacarrier 
504 |a Bibliography: pages 266-285. 
500 |a Includes indexes. 
650 0 |a Motivation (Psychology) 
650 0 |a Self-actualization (Psychology) 
700 1 |a Frager, Robert,  |d 1940- 
999 |a MARS 
999 f f |s 73d77df5-1f53-353d-9cbb-c040d2280ad7  |i ee5dfab7-cfad-3835-a123-db68786eb267  |t 0 
952 f f |p normal  |a Texas A&M University  |b College Station  |c Sterling C. Evans Library  |d Evans: Library Stacks  |t 0  |e BF503 .M375 1987  |h Library of Congress classification  |i unmediated -- volume  |m A14839289874 
998 f f |a BF503 .M375 1987  |t 0  |l Evans: Library Stacks